| 000 | 00744nam a2200217 a 4500 | ||
|---|---|---|---|
| 001 | 000021578 | ||
| 005 | 20240409073639.0 | ||
| 008 | 100909t1953 dr acd 001 0beng d | ||
| 040 |
_aDO-SdBNP _bspa _cBNPHU |
||
| 041 | 0 | 7 | _aeng |
| 082 |
_a923.17293 _bT866g |
||
| 100 | 1 |
_aGonzález-Blanco, Pedro _944950 |
|
| 245 | 1 | 0 |
_aTrujillo : _bthe rebirth of a nation / _cPedro González-Blanco. |
| 260 |
_aCiudad Trujillo, República Dominicana : _bEditora del Caribe, _c1953. |
||
| 300 |
_a137 p. : _bil., gráfcs., retr. ; _c20 cm. |
||
| 504 | _aBibliografía y notas al final de capítulos. | ||
| 546 | _aInglés | ||
| 600 | 1 | 0 |
_aTrujillo Molina, Rafael Leónidas, _d 1891-1961 _976764 |
| 910 | _aValidado. Control de calidad EMS. | ||
| 049 | _aBNPD | ||
| 999 |
_c21077 _d21077 |
||